| 000 | 01011cad a22002055a 4500 | ||
|---|---|---|---|
| 001 | E153506 | ||
| 008 | 110802e20110727xxk 000 0 eng d | ||
| 035 | _a(Sirsi) u153506 | ||
| 041 | 0 | _aeng | |
| 110 | 2 |
_aLloyds Banking Group _95822 |
|
| 245 | 0 | 0 |
_aSavings and house prices go hand in hand, but Hackney bucks the trend _h[electronic resource] |
| 260 | _c2011 | ||
| 490 |
_aHalifax Press Release _v27 July 2011 |
||
| 520 | _aSuggests that despite average house prices in Hackney, Newham, Lewisham and Southwark being well above the national average, average savings balances in those boroughs are amongst the lowest in the UK (under £4 000). Areas with high house prices tend to also have high savings balances. | ||
| 590 | _aKA | ||
| 651 | 4 | _aLondon | |
| 690 | _aPROPERTY-RESIDENTIAL PROPERTY-RESIDENTIAL PROPERTY MARKET | ||
| 856 | 4 | 0 |
_uhttps://www.lloydsbankinggroup.com/media/pdfs/halifax/2011/270711Savingsandhouseprices.pdf _zView this item free of charge at www.lloydsbankinggroup.com |
| 942 | _n0 | ||
| 999 |
_c83306 _d83306 |
||